Kriminelle Kinder. Was tun mit ihnen?

Gespeichert in:  
Bibliographische Detailangaben
VerfasserInnen: Mathes, Werner (Verfasst von) ; Metzner, Wolfgang (Verfasst von)
Medienart: Druck Aufsatz
Sprache:Deutsch
Veröffentlicht: 1996
In:In: Stern (1996), 15, Seite 56-60,64,68
Bestand in Tübingen:In Tübingen vorhanden.
IFK: 8429
Verfügbarkeit prüfen: HBZ Gateway
Schlagwörter:

MARC

LEADER 00000caa a22000002c 4500
001 1639184287
003 DE-627
005 20220608124319.0
007 tu
008 160223s1996 xx ||||| 00| ||ger c
035 |a (DE-627)1639184287 
035 |a (DE-576)455792453 
035 |a (DE-599)BSZ455792453 
040 |a DE-627  |b ger  |c DE-627  |e rakwb 
041 |a ger 
100 1 |a Mathes, Werner  |4 aut 
245 1 0 |a Kriminelle Kinder. Was tun mit ihnen?  |c Werner Mathes, Wolfgang Metzner 
264 1 |c 1996 
336 |a Text  |b txt  |2 rdacontent 
337 |a ohne Hilfsmittel zu benutzen  |b n  |2 rdamedia 
338 |a Band  |b nc  |2 rdacarrier 
700 1 |a Metzner, Wolfgang  |4 aut 
773 0 8 |i In  |a Stern  |g (1996), 15, Seite 56-60,64,68 
773 1 8 |g year:1996  |g number:15  |g pages:56-60,64,68 
935 |a mkri 
951 |a AR 
ELC |b 1 
LOK |0 000 xxxxxcx a22 zn 4500 
LOK |0 001 3299527150 
LOK |0 003 DE-627 
LOK |0 004 1639184287 
LOK |0 005 20160223094759 
LOK |0 008 160208||||||||||||||||ger||||||| 
LOK |0 040   |a DE-21-110  |c DE-627  |d DE-21-110 
LOK |0 689   |a s  |a Straßensozialarbeit 
LOK |0 689   |a s  |a Kinderkriminalität 
LOK |0 689   |a s  |a Jugendgewalt 
LOK |0 689   |a s  |a Fallbeispiele 
LOK |0 689   |a s  |a Magazine 
LOK |0 689   |a s  |a Kinderbanden 
LOK |0 689   |a s  |a Jugendbanden 
LOK |0 689   |a s  |a Jugendkriminalität 
LOK |0 689   |a s  |a Kriminalberichterstattung 
LOK |0 852   |a DE-21-110 
LOK |0 852 1  |c 8429  |m p  |9 00 
LOK |0 935   |a k110 
LOK |0 938   |k p 
LOK |0 939   |a 08-02-16  |b l01 
ORI |a SA-MARC-krimdoka001.raw 
SIG |a IFK: 8429